| Tag |
First Indicator |
Second Indicator |
Subfields |
| LEADER |
00000pam a2200000 a 4500 |
| 001 |
in00000080973 |
| 005 |
20151008055347.0 |
| 008 |
810408s1981 mnua c 00110 eng |
| 010 |
|
|
|a 81003220
|
| 020 |
|
|
|a 0898935016 :
|c $25.00
|
| 035 |
|
|
|a (OCoLC)07464290
|
| 035 |
|
|
|9 AAJ3253AM
|
| 039 |
0 |
|
|a 2
|b 3
|c 3
|d 3
|e 3
|
| 040 |
|
|
|a DLC
|c DLC
|d TXA
|d UtOrBLW
|
| 043 |
|
|
|a e-sz---
|
| 049 |
|
|
|a TXAM
|c [800907]
|
| 050 |
0 |
0 |
|a T606 1980
|b .D6 1981
|
| 082 |
0 |
|
|a 380.1/029/4
|2 19
|
| 111 |
2 |
|
|a Technology for the People Fair
|n (1st :
|d 1980 :
|c Geneva, Switzerland)
|
| 245 |
1 |
0 |
|a Guide to Third World business :
|b products, processes, services : published in conjunction with the First Annual Technology for the People Fair, September 16-21, 1980, Geneva, Switzerland.
|
| 264 |
|
1 |
|a Minneapolis :
|b Control Data ;
|a Geneva :
|b Technology for the People ;
|c [1981]
|
| 264 |
|
2 |
|a Minneapolis :
|b Distributed by Control Data Arts,
|
| 264 |
|
4 |
|c ©1981
|
| 300 |
|
|
|a vii, 320 pages :
|b illustrations ;
|c 28 cm.
|
| 336 |
|
|
|a text
|b txt
|2 rdacontent
|
| 337 |
|
|
|a unmediated
|b n
|2 rdamedia
|
| 338 |
|
|
|a volume
|b nc
|2 rdacarrier
|
| 500 |
|
|
|a Includes indexes.
|
| 611 |
2 |
0 |
|a Technology for the People Fair
|n (1st :
|d 1980 :
|c Geneva, Switzerland)
|
| 710 |
2 |
|
|a Technology for the People (Organization)
|
| 999 |
|
|
|a MARS
|
| 999 |
f |
f |
|s 1cb3fefe-247a-3b73-abfa-a6148598f6f3
|i 88daa039-527a-3a1a-887e-a36253020379
|t 0
|
| 952 |
f |
f |
|p normal
|a Texas A&M University
|b College Station
|c Sterling C. Evans Library
|d Evans: Library Stacks
|t 0
|e T606 1980 .D6 1981
|h Library of Congress classification
|i unmediated -- volume
|m A14806063809
|
| 998 |
f |
f |
|a T606 1980 .D6 1981
|t 0
|l Evans: Library Stacks
|